00471nam a2200109Ia 4500008004100000050002300041100002000064245015600084260008600240300002000326521001500346140724s9999 xx 000 0 und d aBF 723b.It89 2013 aIto, Seiichi L. aLevel of social media usage and interpersonal relations of selected college students of Southville International School and Colleges /cSeiichi L. Ito. aLas Piñas, Philippines :bSouthville International School and Colleges,cc2013. a65 p. :c28 cm. aPsychology